000 00390nam a22001337a 4500
008 230703b xxu||||| |||| 00| 0 eng d
020 _a0890590338
082 _a351.22
_bJUL
100 _cJoint Centre for Political Studies
245 _ablack Elected Officials
_bA National Roster
260 _aWashington D.C
_bJoint Centre for Political Studies
_c1984
300 _a427p
942 _2ddc
_cBK
999 _c3258
_d3258